|
|
|
|
| LEADER |
01393nam a2200349 a 4500 |
| 001 |
38578 |
| 003 |
BD-DhAAL |
| 005 |
20220524101413.0 |
| 008 |
220524r19931993bg 000 1 ben d |
| 999 |
|
|
|c 44237
|d 44237
|
| 010 |
|
|
|a 93905993
|
| 020 |
|
|
|c Tk45.00
|
| 025 |
|
|
|a B-B-7860
|
| 040 |
|
|
|a DLC
|c DLC
|d DLC
|d BD-DhAAL
|
| 050 |
0 |
0 |
|a PK1730.3.A65
|b L35 1993
|
| 082 |
|
|
|a 891.4437
|
| 100 |
|
|
|a নাসরিন, তসলিমা
|9 48652
|
| 245 |
1 |
0 |
|a লজ্জা /
|c তসলিমা নাসরিন
|
| 260 |
|
|
|a ঢাকা :
|b পার্ল পাবলিকেশন্স,
|c ১৯৯৩ [দ্বিতীয় মুদ্রণ ১৯৯৩].
|
| 300 |
|
|
|a ৭৫ পৃষ্ঠা ;
|c ২২ সে.মি.
|
| 500 |
|
|
|a Novelette.
|
| 500 |
|
|
|a In Bengali.
|
| 541 |
|
|
|a Donated By Akbar Ali Khan
|e 38578
|
| 650 |
|
|
|a Manners and customs.
|9 48653
|
| 650 |
|
|
|a Religious fundamentalism
|x Fiction.
|9 48654
|
| 651 |
|
|
|a Bangladesh
|x Social life and customs -- Fiction.
|x Fiction.
|9 48655
|
| 651 |
|
|
|a Bangladesh
|x Fiction.
|9 48656
|
| 852 |
|
|
|a Ayesha Abed Library
|c Akbar Ali Khan Collection
|
| 942 |
|
|
|2 ddc
|c BK
|
| 955 |
|
|
|a wd00; yj42 11-29-93
|
| 955 |
|
|
|a wd00; yj42 11-29-93
|
| 952 |
|
|
|0 0
|1 0
|2 ddc
|4 0
|6 891_443700000000000_NAS
|7 1
|9 70697
|a BRACUL
|b BRACUL
|c AAKC
|d 2022-05-24
|e Donated by Akbar Ali Khan
|l 0
|o 891.4437 NAS
|p 3010038578
|r 2024-09-29
|t 1
|w 2022-05-24
|y BK
|